| 000 | 00367nam a22001457a 4500 | ||
|---|---|---|---|
| 020 | _a9781911091097 | ||
| 040 | _cNUST | ||
| 082 | _a823-CH STE | ||
| 100 |
_aStevenson, Robert Louis _946827 |
||
| 110 |
_aEvans, Tony Wimperis, Sarah _9110539 |
||
| 245 | _aTreasure Island | ||
| 260 |
_aUK: _bReal Reads, _c2017. |
||
| 650 | _aEnglish Fiction | ||
| 942 |
_2ddc _cBK |
||
| 999 |
_c593674 _d593674 |
||